| 000 | 00367nam a2200097Ia 4500 | ||
|---|---|---|---|
| 005 | 20250424112920.0 | ||
| 008 | 250424s9999 xx 000 0 und d | ||
| 300 | _a98 cm. ; 26 cm. | ||
| 650 | _aElectrical and Electronic Engineering--Periodicals. Computer networks--Security measures--Periodicals. Computer security--Periodicals. Cryptography--Periodicals. | ||
| 942 | _cSR | ||
| 999 |
_c37854 _d37854 |
||